Avon : Building the world’s premier company for women

Đã lưu trong:
Bibliografiske detaljer
Hovedforfatter:  Klepacki, Laura
Format: Sách
Sprog:Undetermined
Udgivet:  John Wiley & Sons  2005
Fag:
Tags: Tilføj Tag
Ingen Tags, Vær først til at tagge denne postø!
Thư viện lưu trữ: Trung tâm Thư viện - Trường Đại học Công nghiệp TP. Hồ Chí Minh
LEADER 00496nam a2200157Ia 4500
001 UIH_04344
008 231011s9999 xx 000 0 und d
082 |a  338.76 
100 |a  Klepacki, Laura 
245 0 |a  Avon : Building the world’s premier company for women 
245 0 |c  Klepacki, Laura 
260 |b  John Wiley & Sons 
260 |c  2005 
650 |a  Mỹ phẩm;  
927 |a Sách 
980 |a Trung tâm Thư viện - Trường Đại học Công nghiệp TP. Hồ Chí Minh